000 00515nam a2200217Ia 4500
005 20250425162436.0
008 250425s9999 xx 000 0 und d
020 _a1587051192
041 _aeng
082 _a004.6
245 0 _aINTERNETWORKING TECHNOLOGIES HANDBOOK
250 _a4TH ED.
260 _aEstados Unidos
_bCISCO PRESS
_c2004
260 _aINDIANAPOLIS
300 _a1078
650 _aINTERNET
650 _aMANUALES
650 _aREDES DE COMPUTADORAS
942 _c01
010 _a74311
999 _c229317
_d229317